Music Quiz

Random Music Quiz
Score 0/44 Timer 07:00
0 Plays Today
Line Answer % Correct
On a dark desert highwayCool wind in my hair
96.9%
Welcome toThe Hotel California
90%
I had to stopFor the night
89.4%
Plenty of room atThe Hotel California
88.8%
There she stoodIn the doorway
87.5%
Warm smell of colitasRising up through the air
85.6%
Up ahead in the distanceI saw a shimmering light
85.6%
Then I was thinking to myselfThis could be heaven or this could be hell
85%
Such a lovely placeSuch a lovely place
81.9%
Such aLovely face
80.6%
Some dance to rememberSome dance to forget
80%
I heard theMission bell
77.5%
Any time of yearAny time of year
75.6%
Welcome toThe Hotel California
75.6%
That she callsFriends
74.4%
There were voices down the corridorI thought I heard them say
73.8%
Then she lit up a candleAnd she showed me the way
73.1%
There living it up at The Hotel California
72.5%
He said we haven't had thatSpirit here since 1969
71.3%
She got a lot ofPretty, pretty boys
70.6%
You canFind it here
68.8%
And still those voices are callingFrom far away
67.5%
Line Answer % Correct
Such aLovely face
66.9%
My head grew heavy andMy sight grew dim
65.6%
So I called up the captainPlease bring me my wine
65%
But they just can'tKill the beast
63.1%
Such a lovely placeSuch a lovely place
61.9%
But you canNever leave
57.5%
To the placeI was before
55.6%
And she said we are all justPrisoners here of our own device
55%
You can check out Any time you like
54.4%
Last thing I rememberI was running for the door
50%
Her mind is Tiffany twisted
49.4%
Relax said The night man
49.4%
They stab itWith their steely knives
48.8%
How they danceIn the courtyard,sweet summer sweat
47.5%
Mirrors on the ceiling, the Pink champagne on ice
47.5%
I had to find The passage back
47.5%
BringYour alibis
46.3%
And in the masters chambers theyGathered for the feast
37.5%
We are programmedTo recieve
36.3%
She got The mercedes bends
31.9%
What a nice supriseWhat a nice suprise
28.8%
Wake you up in the middle of the night Just to here them say
10.6%
Remove Ads.
Support Sporcle.
Get the best of Sporcle when you Go Orange. This ad-free experience offers more features, more stats, and more fun while also helping to support Sporcle. Thank you for becoming a member.

You're not logged in!

Compare scores with friends on all Sporcle quizzes.
OR
Log In

Show Comments

Extras

Created Oct 28, 2010ReportNominate
Tags:California, eagle, hotel

Top Quizzes Today


Score Distribution

Your Account Isn't Verified!

In order to create a playlist on Sporcle, you need to verify the email address you used during registration. Go to your Sporcle Settings to finish the process.

Report this User

Report this user for behavior that violates our Community Guidelines.

Details: